LEADER 00834nam a2200205 i 4500 001 000000176034 003 CaOOAMICUS 005 20090128000000.0 008 090128s1950 ag u000 u mul u 013 $a153519 040 $aSeMil$bita 245 10$a2. 260 $aMendoza :$bUniversidad Nacional de Cuyo,$cstampa 1950. 300 $aP. 643-1409 ;$c27 cm. 700 1 $aCongreso nacional de filosofía <1. ; 1949 ; Mendoza>.$0(OLS)http://semarc/name/1053 773 0 $tActas del primer Congreso nacional de filosofía.$dMendoza : Universidad Nacional de Cuyo, stampa 1950.$w()1201 850 $aSeMil 852 $aSeMil$W1$xVenegono$y1$m2P V 131$j126856$B126856$CSeMilBibl$Z2$F138944 $81 996 $6245$a2$9(OLS)http://semarc/title/46889 996 $6260$aMendoza :$bUniversidad Nacional de Cuyo$9(OLS)http://semarc/publisher/30180 LEADER 00847nam a2200205 4500 001 000000347686 003 CaOOAMICUS 005 20210906151916.0 008 210906s1870 it 000 u ita r 040 $aSeMil$bita 100 1 $aGiudici, Gerolamo.$0(OLS)http://semarc/name/7220 245 10$aSaggio apologetico sui Santi Evangeli / $cconferenze del sac. Gerolamo Giudici. 264 1$aMilano :$bTipografia di A. Lombardi,$c1870. 300 $a102 p. ;$c19 cm 650 4$aBibbia - Apologetica.$0(OLS)http://semarc/subject/14726 850 $aSeMil 852 $aSeMil$W1$xVenegono$y1$m5A VIII 1/1$j228772$B238735$CSeMilBibl$Z2$F238735 $8I 996 $6245$aSaggio apologetico sui Santi Evangeli / $9(OLS)http://semarc/title/436981 996 $6264$aMilano :$bTipografia di A. Lombardi$9(OLS)http://semarc/publisher/55500